[Event "Oberpfalz-ch M3"]
[Site "Windischeschenbach"]
[Date "2007.04.01"]
[Round "4"]
[White "Doetterl, Michael"]
[Black "Schwarzfischer, Walter"]
[Result "0-1"]
[WhiteElo "1357"]
[BlackElo "1589"]
[PlyCount "96"]
[EventDate "2007.03.31"]
[EventType "swiss"]
[EventRounds "8"]
[EventCountry "GER"]
[SourceTitle "EXT 2022"]
[Source "ChessBase"]
[SourceDate "2021.10.06"]
[SourceVersion "1"]
[SourceVersionDate "2021.10.06"]
[SourceQuality "1"]

1. e4 d6 2. h3 Nf6 3. Nc3 c6 4. Nf3 Qa5 5. d3 e6 6. Bd2 Qb6 7. b3 Be7 8. Be2 d5 9. e5 Nfd7 10. d4 c5 11. Na4 Qc7 12. c3 a6 13. Qc1 b5 14. Nb2 Nc6 15. Bg5 0-0 16. Bxe7 Nxe7 17. 0-0 Bb7 18. Nd1 Rac8 19. Ne3 Qb6 20. Qd2 Rc7 21. Ng4 f5 22. Nh6+ Kh8 23. Qg5 Ng6 24. Nh4 Nxh4 25. Qxh4 gxh6 26. Qe7 Kg8 27. Bh5 Nxe5 28. dxc5 Rxe7 29. cxb6 Nd7 30. Rfe1 Nxb6 31. Re2 e5 32. Rae1 e4 33. f3 Rf6 34. fxe4 Rxe4 35. Bf3 Rxe2 36. Rxe2 Kh8 37. Bh5 Bc6 38. Re5 Nc8 39. c4 bxc4 40. bxc4 d4 41. c5 Ne7 42. Re2 d3 43. Rd2 Be4 44. Rb2 Rc6 45. Rb8+ Kg7 46. Re8 Ng6 47. Ra8 Nf4 48. Ra7+ Kf6 0-1

[Event "GER-ch U10"]
[Site "Willingen"]
[Date "2004.06.04"]
[Round "11"]
[White "Dauer, Maximilian"]
[Black "Doetterl, Michael"]
[Result "1/2-1/2"]
[WhiteElo "1124"]
[BlackElo "1274"]
[PlyCount "40"]
[EventDate "2004.06.??"]
[EventType "swiss"]
[EventRounds "11"]
[EventCountry "GER"]
[SourceTitle "EXT 2005"]
[Source "ChessBase"]
[SourceDate "2004.11.15"]
[SourceVersion "1"]
[SourceVersionDate "2004.11.15"]
[SourceQuality "1"]

1. e4 c5 2. Nc3 d6 3. g3 Nc6 4. Bg2 Nf6 5. d3 g6 6. f4 e6 7. Nf3 Bg7 8. 0-0 0-0 9. h3 Bd7 10. g4 h6 11. Ne2 Re8 12. Ng3 Qc8 13. g5 hxg5 14. Nxg5 b6 15. h4 Bh6 16. h5 a5 17. c3 b5 18. Be3 c4 19. d4 a4 20. a3 Rb8 1/2-1/2

[Event "GER-ch U10"]
[Site "Willingen"]
[Date "2004.05.30"]
[Round "1"]
[White "Doetterl, Michael"]
[Black "Albrecht, Michele"]
[Result "1-0"]
[WhiteElo "1274"]
[BlackElo "922"]
[PlyCount "111"]
[EventDate "2004.06.??"]
[EventType "swiss"]
[EventRounds "11"]
[EventCountry "GER"]
[SourceTitle "EXT 2005"]
[Source "ChessBase"]
[SourceDate "2004.11.15"]
[SourceVersion "1"]
[SourceVersionDate "2004.11.15"]
[SourceQuality "1"]

1. e4 e5 2. Bc4 Nc6 3. Nf3 h6 4. Nc3 Nf6 5. a3 a6 6. Ba2 d6 7. h3 Bd7 8. d3 Qe7 9. Be3 0-0-0 10. 0-0 Be6 11. Bd5 Qd7 12. Bxe6 Qxe6 13. b4 d5 14. exd5 Nxd5 15. Nxd5 Qxd5 16. Re1 f6 17. Nh4 Nd4 18. Bxd4 Qxd4 19. Re4 Qxe4 20. dxe4 Rxd1+ 21. Rxd1 a5 22. c3 axb4 23. axb4 g5 24. Nf5 c5 25. bxc5 Bxc5 26. Nd6+ Kc7 27. Nb5+ Kc6 28. c4 Rf8 29. Kf1 f5 30. exf5 Rxf5 31. f3 e4 32. Ke2 e3 33. Rd4 Bxd4 34. Nxd4+ Kc5 35. Nxf5 Kxc4 36. Kxe3 b5 37. Nd6+ Kc5 38. Nxb5 Kxb5 39. Ke4 Kc6 40. Kf5 Kd6 41. Kg6 Ke5 42. Kxh6 Kf5 43. Kh5 Kf4 44. g4 Kxf3 45. Kxg5 Kg3 46. h4 Kh3 47. h5 Kg3 48. h6 Kh3 49. h7 Kg3 50. h8Q Kf3 51. Qe5 Kf2 52. Kf4 Kg2 53. Qe4+ Kg1 54. Qc2 Kh1 55. Kg3 Kg1 56. Qg2# 1-0

[Event "GER-ch U10"]
[Site "Willingen"]
[Date "2004.05.30"]
[Round "2"]
[White "Schmitt, Katrin"]
[Black "Doetterl, Michael"]
[Result "0-1"]
[WhiteElo "995"]
[BlackElo "1274"]
[PlyCount "94"]
[EventDate "2004.06.??"]
[EventType "swiss"]
[EventRounds "11"]
[EventCountry "GER"]
[SourceTitle "EXT 2005"]
[Source "ChessBase"]
[SourceDate "2004.11.15"]
[SourceVersion "1"]
[SourceVersionDate "2004.11.15"]
[SourceQuality "1"]

1. e4 c5 2. Nf3 Nc6 3. d4 cxd4 4. Nxd4 d6 5. Bb5 Bd7 6. 0-0 Nf6 7. Nc3 e6 8. Bg5 Be7 9. Re1 h6 10. Bh4 a6 11. Ba4 Qb6 12. Nf3 Rb8 13. Bb3 0-0 14. Qd2 Rbd8 15. Qf4 e5 16. Qd2 Nd4 17. Nxd4 Qxd4 18. Qxd4 exd4 19. Ne2 Rfe8 20. Nxd4 Nh5 21. Bg3 Nxg3 22. hxg3 Bf6 23. c3 Bc6 24. Nxc6 bxc6 25. f4 Re7 26. Ba4 c5 27. Rad1 g6 28. b4 Bxc3 29. Re3 Bd4 30. Rde1 Bxe3+ 31. Rxe3 cxb4 32. Bc6 d5 33. Bxd5 Rxd5 34. Kf2 Rd2+ 35. Kf3 h5 36. Rb3 Red7 37. Re3 Rxa2 38. e5 Ra3 39. Ke4 Rxe3+ 40. Kxe3 b3 41. Ke4 b2 42. f5 b1Q+ 43. Kf4 Qxf5+ 44. Ke3 Qxe5+ 45. Kf2 Rd2+ 46. Kg1 Qxg3 47. Kf1 Qf2# 0-1